00330 2200145 4500245004300000250001100043100002300054650001700077650001600094005001900110260001800129041001400147084001400161336000900175 aMy Journey !cAndini Aulia PutrihText aCet. 1 aAndini Aulia Putri aAutobiografi aKarya Siswa a20250521140730 aJakartac2025 aIndonesia a081 AND m atext